ბათუმის შოთა რუსთაველის სახელმწიფო უნივერსიტეტის ბიბლიოთეკა

ბიზანტიის იმპერიის ისტორია / (ბიბ.ჩანაწერი № 47179)

000 -ლიდერი
ფიქსირებული სიგრძის საკონტროლო ველი 00882nam a2200217Ia 4500
001 - საკონტროლო ნომერი
საკონტროლო ველი 14037
003 - საკონტროლო ნომრის იდენტიფიკატორი
საკონტროლო ველი GE_BSU
005 - ბოლო ოპერაციის თარიღი და დრო
საკონტროლო ველი 20220527141436.0
008 - ფიქსირებული სიგრძის მონაცემთა ელემენტები - ზოგადი ინფორმაცია
ფიქსირებული სიგრძის საკონტროლო ველი 181216s1998||||ge |||||||||||||| ||geo||
020 ## - წიგნის საერთაშორისო სტანდარტული ნომერი
International Standard Book Number 9992858060
040 ## - კატალოგიზაციის წყარო
Transcribing agency GE_BSU
041 ## - ენის კოდი
Language code of text/sound track or separate title geo
080 ## - უნივერსალური ათობითი კლასიფიკაციის ინდექსი
Universal Decimal Classification number 94(495)"01/04" დ-48
100 ## - მთავარი ჩანაწერი - პიროვნების სახელი
Personal name დილი, შარლ
9 (RLIN) 13868
245 ## - ცნობა სათაურის შესახებ
Statement of responsibility, etc შარლ დილი ; ფრანგულიდან თარგმნა ბაჩანა ბრეგვაძემ.
Title ბიზანტიის იმპერიის ისტორია /
264 ## - წარმოების, გამოცემის, დისტრიბუციის და სხვა ცნობები
გამოცემის, წარმოების, დისტრიბუციის... ადგილი თბილისი :
გამოცემის, წარმოების, დისტრიბუციის... სახელწოდება ნეკერი,
გამოცემის, წარმოების, დისტრიბუციის... თარიღი 1998.
300 ## - ფიზიკური აღწერა
Extent 199 გვ.;
Other physical details 17 სმ.
653 ## - INDEX TERM--UNCONTROLLED
Uncontrolled term ბიზანტიის იმპერიის ისტორია
700 ## - ADDED ENTRY--PERSONAL NAME
Personal name ბრეგვაძე, ბაჩანა
Relator term მთარგმნელი
9 (RLIN) 3536
942 ## - ADDED ENTRY ELEMENTS (KOHA)
Koha item type წიგნი
Source of classification or shelving scheme
ეგზემპლარები
ჩამოწერის სტატუსი დაკარგული ეგზემპლარის სტატუსი კლასიფიკაციის წყარო ან თაროზე გაწყობის სქემა დაზიანების სტატუსი არ გაიცემა მუდმივი მდებარეობა (დაცვის ადგილი) ამჟამინდელი ადგილსამყოფელი შეძენის თარიღი ღირებულება, შესყიდვის ნორმალური ფასი სრული შენახვის შიფრი შტრიხკოდი ბოლო ოპერაციის თარიღი ეგზემპლარის მიმდევრობითი ნომერი (კეტერი?) ფასის ძალაში შესვლის თარიღი ეგზემპლარის სახეობა საჯარო შენიშვნა თაროზე განთავსების ადგილი
          ბათუმის შოთა რუსთაველის სახელმწიფო უნივერსიტეტის მთავარი ბიბლიოთეკა ბათუმის შოთა რუსთაველის სახელმწიფო უნივერსიტეტის მთავარი ბიბლიოთეკა 2018-12-17 6.00 94(495)"01/04" დ-48 27338 2018-12-17 27338 2018-12-17 წიგნი 6 ლ.  
          ბათუმის შოთა რუსთაველის სახელმწიფო უნივერსიტეტის მთავარი ბიბლიოთეკა ბათუმის შოთა რუსთაველის სახელმწიფო უნივერსიტეტის მთავარი ბიბლიოთეკა 2018-12-17 5.00 94(495)"01/04" დ-48 28245 2018-12-17 28245 2018-12-17 წიგნი 5 ლ. წიგნსაცავი
          ბათუმის შოთა რუსთაველის სახელმწიფო უნივერსიტეტის მთავარი ბიბლიოთეკა ბათუმის შოთა რუსთაველის სახელმწიფო უნივერსიტეტის მთავარი ბიბლიოთეკა 2025-11-14 5.00 94(495) 28244 2025-11-14 28244 2025-11-14 წიგნი 5 ლ. წიგნსაცავი